Facturas apócrifas (Registro nro. 13800)

Detalles MARC
000 -LEADER
fixed length control field 00308 a2200109 4500
001 - CONTROL NUMBER
control field ART_39164
005 - DATE AND TIME OF LATEST TRANSACTION
control field 20260410161646.0
008 - FIXED-LENGTH DATA ELEMENTS--GENERAL INFORMATION
fixed length control field 260409a
100 1# - MAIN ENTRY--PERSONAL NAME
Personal name Caranta, Martín R.
245 10 - TITLE STATEMENT
Title Facturas apócrifas
773 0# - HOST ITEM ENTRY
Title Consultor tributario
Related parts - Año 10, Nº 110 (abr. 2016)
Record control number REV474

No hay ítems disponibles.